Culture Générale #1 - Statistiques

Statistiques générales
  • Ce quiz a été pris 170 fois
  • Le résultat moyen est 10 sur 15
Statistiques - réponses
Question Réponse % Correct
A quel ordre appartiennent les renard volants ? Chauve-souris
83%
Lequel de ces drapeaux est vert et blanc ? Pakistan
83%
Quelle est l'étoile la plus brillante dans le ciel nocturne de la Terre ? Sirius
83%
Pour quel sport Wimbledon est-il connu ? Tennis
83%
Combien de paires d'ailes les abeilles ont-elles ? 2
67%
Quelle roche est une variété de charbon ? Anthracite
67%
Quelle langue Jesus-Christ parlait-il le plus probablement ? Araméen
67%
Quel plat se compose de boulettes de pois chiches ou de fèves ? Falafel
67%
Qu'est ce qu'un pangolin Mammifère
67%
Lequel de ces instruments de musique est un instrument à vent ? Ocarina
67%
Quel terme désigne une section du rivage permettant l'accostage des navires ? Quai
67%
Ou se trouve la Cité de l'espace ? Toulouse
67%
La Société de la Maha Bodhi est basée sur le : Bouddhisme
50%
Quelle structure empêche la nourriture d'entrer dans la trachée ? Épiglotte
50%
Le bile produite par le foie aide à la digestion : des graises
33%
Aucun quiz correspondant
Distribution des résultats
% des personnes avec chaque résultat
Percentile par nombre de réponses
Votre historique - résultats
Vous n’avez pas pris ce quiz